Library Banner

Cabinet mission and after (Record no. 65914)

MARC details
000 -LEADER
fixed length control field 00399nam a22001457a 4500
005 - DATE AND TIME OF LATEST TRANSACTION
control field 20150204160712.0
008 - FIXED-LENGTH DATA ELEMENTS--GENERAL INFORMATION
fixed length control field 150204b xxu||||| |||| 00| 0 eng d
040 ## - CATALOGING SOURCE
Transcribing agency PK-LaUMT
082 ## - DEWEY DECIMAL CLASSIFICATION NUMBER
Classification number KHC 320.010954
Item number CAB-
100 ## - MAIN ENTRY--PERSONAL NAME
Personal name Muhammad Ashraf(Compiled)
245 ## - TITLE STATEMENT
Title Cabinet mission and after
Statement of responsibility, etc Muhammad Ashraf(Compiled)
260 ## - PUBLICATION, DISTRIBUTION, ETC. (IMPRINT)
Place of publication, distribution, etc Lahore
Name of publisher, distributor, etc Muhammad Ashraf
Date of publication, distribution, etc [N.D]
300 ## - PHYSICAL DESCRIPTION
Extent 431 p.
942 ## - ADDED ENTRY ELEMENTS (KOHA)
Koha item type Books
Holdings
Withdrawn status Lost status Damaged status Home library Current library Date acquired Full call number Barcode Date last seen Price effective from Koha item type
      UMT Main Campus UMT Main Campus 2015-02-04 KHC 320.010954 CAB- 70372 2015-02-04 2015-02-04 Books